International law
Furkejuvvon:
| Váldodahkki: | |
|---|---|
| Materiálatiipa: | Girji |
| Giella: | eaŋgalasgiella |
| Almmustuhtton: |
Cambridge
Cambridge University
2003
|
| Preanttus: | 5a. ed |
| Fáttát: | |
| Fáddágilkorat: |
Lasit fáddágilkoriid
Eai fáddágilkorat, Lasit vuosttaš fáddágilkora!
|
MARC
| LEADER | 00000nam a2200000 a 4500 | ||
|---|---|---|---|
| 001 | UCL8113 | ||
| 003 | CL-VaPUC | ||
| 008 | 040611e20030000uk |||||||||||||||||eng|d | ||
| 020 | |a 0521824737 | ||
| 020 | |a 0521531837 | ||
| 082 | 0 | 4 | |a 341 |b SHA |2 21 |
| 100 | 0 | |a Shaw QC, Malcom N |e author |9 486072 | |
| 245 | 1 | 0 | |a International law |
| 250 | |a 5a. ed | ||
| 300 | |a 1288 p | ||
| 942 | |c BK | ||
| 945 | |d 20040611 00:00:00 |a cmena | ||
| 260 | |a Cambridge |b Cambridge University |c 2003 | ||
| 650 | 0 | |a Derecho internacional |9 255637 | |
| 650 | 0 | |a Orden mundial |9 453179 | |
| 650 | 0 | |a Derecho aéreo |9 260765 | |
| 650 | 0 | |a Derecho marítimo |9 255301 | |
| 583 | |a last modification |c 20130806 08:24:45 |k Rodrigo Vera | ||
| 999 | |c 309569 |d 309567 | ||
| 952 | |0 0 |1 0 |4 0 |6 341_000000000000000_SHA_2003 |7 0 |8 A |9 377091 |a BIBDER |b BIBDER |d 2019-11-21 |i 4022041 |l 1 |o 341 SHA 2003 |p 4022041 |r 2025-03-21 |s 2025-03-14 |w 2019-11-21 |y BK |k DER | ||